[Event "Mozhaisk"]
[Site "Mozhaisk"]
[Date "2007.09.08"]
[Round "3"]
[White "Nikolaenko, Andrej"]
[Black "Kostic, Filip"]
[Result "1-0"]
[WhiteElo "2203"]
[BlackElo "2291"]
[PlyCount "43"]
[EventDate "2007.09.07"]
[EventType "tourn"]
[EventRounds "11"]
[EventCountry "RUS"]
[EventCategory "2"]
[SourceTitle "EXT 2009"]
[Source "ChessBase"]
[SourceDate "2008.11.26"]
[SourceVersion "1"]
[SourceVersionDate "2008.11.26"]
[SourceQuality "1"]

1. d4 f5 2. c4 Nf6 3. Nc3 g6 4. g3 Bg7 5. Bg2 0-0 6. e4 fxe4 7. Nxe4 Nxe4 8. Bxe4 c5 9. Ne2 cxd4 10. 0-0 Nc6 11. Bg5 Qa5 12. h4 d6 13. Nf4 e5 14. Bd5+ Kh8 15. Nxg6+ hxg6 16. h5 Bf6 17. Bd2 Qc7 18. hxg6 Kg7 19. Kg2 Bf5 20. Bh6+ Kxh6 21. Rh1+ Kxg6 22. Qh5+ 1-0

[Event "Moscow-B"]
[Site "Moscow"]
[Date "1997.??.??"]
[Round "8"]
[White "Nikolaenko, Andrej"]
[Black "Gromadin, Gleb"]
[Result "0-1"]
[WhiteElo "2130"]
[BlackElo "2190"]
[PlyCount "168"]
[EventDate "1997.??.??"]
[EventType "tourn"]
[EventRounds "9"]
[EventCountry "RUS"]
[SourceTitle "EXT 2000"]
[Source "ChessBase"]
[SourceDate "1999.11.16"]
[SourceVersion "1"]
[SourceVersionDate "1999.11.16"]
[SourceQuality "1"]

1. d4 Nf6 2. c4 e6 3. Nc3 Bb4 4. Qc2 c5 5. e3 0-0 6. Bd3 d5 7. dxc5 dxc4 8. Bxc4 Bxc5 9. Nf3 a6 10. 0-0 Nc6 11. a3 Qe7 12. b4 Ba7 13. Bb2 b5 14. Bd3 Bb7 15. Rac1 Rac8 16. Qe2 Bb8 17. Ne4 Ng4 18. Rc5 f5 19. Ned2 Rcd8 20. Rd1 Nxh2 21. Nxh2 Bxh2+ 22. Kxh2 Qd6+ 23. Kg1 Qxd3 24. Qf3 Rf7 25. Rxc6 Bxc6 26. Qxc6 Qe2 27. Qc1 Rfd7 28. Bd4 e5 29. Re1 Qd3 30. Bb6 Qxd2 31. Bxd8 Rxd8 32. Qb1 Rd3 33. Rc1 e4 34. Qa1 Rd7 35. Rc6 Qe2 36. Rc1 Qd2 37. Rc6 a5 38. Rc5 Qe2 39. Rc1 a4 40. Rc8+ Kf7 41. Rc1 Qd2 42. Rc5 Qd1+ 43. Qxd1 Rxd1+ 44. Kh2 Kf6 45. Rxb5 Rd3 46. Ra5 Rxa3 47. b5 Rb3 48. Rxa4 Rxb5 49. Ra6+ Kg5 50. Ra7 Kh6 51. Ra6+ g6 52. Kg3 Kg5 53. Ra2 Rb3 54. Ra5 h5 55. f4+ exf3 56. Kxf3 Rb4 57. Ra8 Re4 58. Rf8 Ra4 59. Rf7 Kh4 60. Rh7 Rg4 61. Rf7 Kg5 62. Rf8 Re4 63. Rf7 Re8 64. Rh7 Kf6 65. Rb7 g5 66. Rh7 Kg6 67. Rb7 g4+ 68. Kf2 h4 69. Rb6+ Kg5 70. Rb7 Ra8 71. Rb2 Ra4 72. Rc2 Kf6 73. Rc6+ Ke5 74. Rc8 Ra2+ 75. Kf1 h3 76. gxh3 gxh3 77. Re8+ Kd5 78. Kg1 Re2 79. Kf1 h2 80. Rh8 Ra2 81. Rh7 h1Q+ 82. Rxh1 Ra1+ 83. Kg2 Rxh1 84. Kxh1 Ke4 0-1